|
|
|
|
| LEADER |
00000cam a2200000 7i4500 |
| 001 |
0000004009 |
| 002 |
000004316 |
| 005 |
20000330.0 |
| 020 |
|
|
|a 9679783847
|
| 090 |
0 |
0 |
|a 332.642
|b BUT
|
| 100 |
1 |
|
|a Butler, Chris
|
| 245 |
1 |
0 |
|a Guide to the Malaysian capital market
|c Chris Butler,Harpan S.Dhillon & Lydia Thiagarajah
|
| 260 |
|
|
|a Petaling Jaya :
|b Pelanduk Publications (M) Sdn.Bhd. ,
|c 1991
|
| 300 |
|
|
|a 599p. ;
|c 22cm.
|
| 500 |
|
|
|a Institut bank-bank Malaysia
|
| 650 |
0 |
0 |
|a Real estate investment
|z Malaysia
|
| 700 |
1 |
|
|a Dhillon, Harpal S
|
| 999 |
|
|
|a 037236
|b BUKU
|c MALAYSIANA
|e PERPUSTAKAAN KOMUNITI PETALING JAYA
|